The deming management method

Wedi'i Gadw mewn:
Manylion Llyfryddiaeth
Prif Awdur: Walton, Mary
Fformat: Llyfr
Iaith:Undetermined
Cyhoeddwyd: New York Dodd, Mead & Company 1986
Pynciau:
Tagiau: Ychwanegu Tag
Dim Tagiau, Byddwch y cyntaf i dagio'r cofnod hwn!
Thư viện lưu trữ: Trung tâm Học liệu Trường Đại học Cần Thơ
LEADER 00437nam a2200169Ia 4500
001 CTU_79166
008 210402s9999 xx 000 0 und d
082 |a 658 
082 |b W241 
100 |a Walton, Mary 
245 4 |a The deming management method 
245 0 |c Mary Walton 
260 |a New York 
260 |b Dodd, Mead & Company 
260 |c 1986 
650 |a Management 
980 |a Trung tâm Học liệu Trường Đại học Cần Thơ